Σημαίες με Βαρύτητα #2 - Statistics

General Stats
  • This quiz has been taken 8 times
  • The average score is 14 of 16
Answer Stats
Picture Answer % Correct
Τουρκία
100%
Βοσνία και Ερζεγοβίνη
100%
Αυστραλία
100%
Ανγκόλα
88%
Κόσοβο
88%
Παναμάς
88%
Λεσότο
88%
Βόρεια Κορέα
88%
Ταϊβάν
88%
Νήσοι Σολομώντα
75%
Λιβύη
75%
Μπαρμπάντος
75%
Μπελίζ
75%
Ναουρού
75%
Φίτζι
75%
Τουρκμενιστάν
75%
No matching quizzes found
Score Distribution
Percent of People with Each Score
Percentile by Number Answered
Your Score History
You have not taken this quiz